[Event "17th Voronezh Master Open"]
[Site "Voronezh RUS"]
[Date "2013.06.14"]
[Round "3.1"]
[White "Korneev,O"]
[Black "Kabanov,N"]
[Result "1-0"]
[WhiteElo "2617"]
[BlackElo "2472"]

1.e4 d6 2.d4 Nf6 3.Nc3 e5 4.dxe5 dxe5 5.Qxd8+ Kxd8 6.Bc4 Be6 7.Bxe6 fxe6
8.f3 Bd6 9.Be3 a6 10.Nh3 Ke7 11.Nf2 Nbd7 12.Ke2 Nh5 13.g3 Rhf8 14.b3 h6 15.Na4 Ba3
16.Rab1 b5 17.Nb2 Bxb2 18.Rxb2 Rfb8 19.Rc1 Nhf6 20.c4 b4 21.Ra1 a5 22.a3 a4
23.axb4 axb3 24.Rxa8 Rxa8 25.Rxb3 Ra2+ 26.Kd3 Nb6 27.Bxb6 cxb6 28.Ke3 Rc2
29.Nd3 Nd7 30.Ra3 Rxh2 31.Ra7 Kd8 32.Ra8+ Ke7 33.Ra7 Kd8 34.c5 bxc5 35.bxc5 Rc2
36.Ra6 Ke7 37.Ra7 Kd8 38.Ra6 Ke7 39.c6 Nc5 40.Ra7+ Kd6 41.Nxc5 Rxc5 42.Rxg7 Rxc6
43.Rh7 Rc2 44.Rxh6 Rg2 45.g4 Ke7 46.Rh7+ Kf6 47.Rd7 Ra2 48.Rd2 Ra3+ 49.Kf2 Rb3
50.Kg3 Rb1 51.Rh2 Rg1+ 52.Kf2 Ra1 53.Rh6+ Kf7 54.g5 Rb1 55.Rf6+ Ke7 56.Kg3 Rh1
57.Kg4 Rh2 58.Rh6 Rf2 59.Rh7+ Kf8 60.g6 Rg2+ 61.Kh5 Rg3 62.Rf7+ Ke8 63.Kh6 Rh3+
64.Kg7 Rg3 65.f4 exf4 66.Rxf4 Re3 67.Rh4 Rg3 68.Kh7 Kf8 69.Rf4+ Ke7 70.e5 Rh3+
71.Kg7 Rh1 72.Rf7+ Ke8 73.Kf6 Rf1+ 74.Kxe6 Rg1 75.Kf6 Rf1+ 76.Kg7 Rg1 77.Rf5 Rh1
78.Rf8+ Ke7 79.Rh8 Rg1 80.Rh5 Rg2 81.Kh7 Kf8 82.Rf5+ Ke7 83.g7 Rh2+ 84.Kg6 Rg2+
85.Rg5 Rxg5+ 86.Kxg5 Kf7 87.Kf5  1-0

[Event "4th Forni di Sopra"]
[Site "Forni di Sopra ITA"]
[Date "2013.06.15"]
[Round "1"]
[White "Callier,C"]
[Black "Lazic,Mir"]
[Result "0-1"]
[WhiteElo "2089"]
[BlackElo "2467"]

1.e4 d6 2.d4 Nf6 3.Nc3 e5 4.Nf3 Nbd7 5.g4 Nxg4 6.Rg1 Ngf6 7.Bc4 exd4 8.Qxd4 Nb6
9.e5 Qe7 10.Bb3 Nfd7 11.Be3 Nxe5 12.Nxe5 dxe5 13.Qd2 Be6 14.O-O-O Bxb3 15.axb3 Rd8
16.Qe2 Rxd1+ 17.Qxd1 c6 18.f4 g6 19.fxe5 Bg7 20.Bg5 Qd7 21.Qe2 O-O 22.Bf6 Qd4
23.Rg4 Bh6+ 24.Kb1 Qe3 25.Qd1 Bg7 26.Ne4 Nd5 27.Bg5 Qh3 28.Rh4 Qe6 29.c4 Qxe5
30.Qd2 Nc7 31.Bh6 Ne6 32.Bxg7 Qxg7 33.Qd7 g5 34.Rg4 Qg6 35.h4 h5 36.Qxe6 fxe6
37.Rxg5 Qxg5 38.Nxg5 Rf4  0-1

[Event "2nd Grand Europe Open 2013"]
[Site "Golden Sands BUL"]
[Date "2013.06.15"]
[Round "6.41"]
[White "Goumas,G"]
[Black "Dragomirescu,An"]
[Result "1-0"]
[WhiteElo "2401"]
[BlackElo "2221"]

1.e4 d6 2.d4 Nf6 3.Nc3 e5 4.Nf3 Nbd7 5.Bc4 Be7 6.O-O O-O 7.Re1 a6 8.a4 b6
9.h3 Bb7 10.Ba2 c6 11.Nh4 g6 12.dxe5 dxe5 13.Nf3 Nh5 14.Bh6 Ng7 15.Re3 Qc7
16.Ng5 Nc5 17.Rf3 Bxg5 18.Bxg5 Rae8 19.Qd2 Nce6 20.Bxe6 Rxe6 21.Rd3 Bc8 22.Bd8 Qb8
23.Qe3 b5 24.axb5 axb5 25.Ra7 Bb7 26.Qb6  1-0

[Event "Zonal 3.4 Women 2013"]
[Site "Osh KGZ"]
[Date "2013.06.15"]
[Round "9"]
[White "Mominova,Leyla"]
[Black "Nasriddinzoda,M"]
[Result "0-1"]
[WhiteElo "1923"]
[BlackElo "2017"]

1.e4 d6 2.d4 Nf6 3.Nc3 e5 4.dxe5 dxe5 5.Qxd8+ Kxd8 6.Bg5 c6 7.Nf3 Nd7 8.O-O-O Ke8
9.a3 Bc5 10.Bh4 Bb6 11.Bc4 h6 12.h3 g5 13.Bg3 Bc7 14.Rd2 b5 15.Bd3 Nh5 16.Ne2 f6
17.Rhd1 Nc5 18.Bh2 Rh7 19.Ne1 Be6 20.Bg1 a5 21.f3 Nd7 22.b3 Ke7 23.Kb2 Ke8
24.Nc1 Nf4 25.Bf1 a4 26.b4 Nb6 27.Bxb6 Bxb6 28.Rd6 Rd7 29.Rxd7 Bxd7 30.Ned3 Ne6
31.c3 Ke7 32.Ne2 Ng7 33.Nec1 Be6 34.Kc2 Rd8 35.Nb2 Rxd1 36.Kxd1 h5 37.c4 Bd4
38.Kc2 Bd7 39.cxb5 cxb5 40.Ne2 Ne6 41.Ng3 Ng7 42.Nd1 Kd6 43.Ne2 Ne6 44.Ndc3 Bxc3
45.Nxc3 Nd4+ 46.Kd2 Bc6 47.Bd3 Ke6 48.Ke3 Kd6 49.g3 Bd7 50.h4 Bc6 51.Kf2 Ke6
52.Ke3 gxh4 53.gxh4 f5 54.f4 fxe4 55.Nxe4 Nf5+ 56.Kf2 exf4 57.Nc5+ Ke5 58.Be2 Nxh4
59.Bxh5 Kd4 60.Ne6+ Kc3 61.Nxf4 Kb3 62.Bg4 Kxa3 63.Kg3 Ng2 64.Nxg2 Bxg2 65.Kxg2 Kxb4
66.Be6 a3 67.Kf2 Kc3 68.Ke2 b4 69.Kd1 b3 70.Bxb3 Kxb3 71.Kc1 a2  0-1

[Event "12th TCh-BIH Prem"]
[Site "Sarajevo BIH"]
[Date "2013.06.15"]
[Round "1.4"]
[White "Pikula,D"]
[Black "Popovic,Du"]
[Result "1/2-1/2"]
[WhiteElo "2482"]
[BlackElo "2562"]

1.e4 d6 2.d4 Nf6 3.Nc3 e5 4.Nf3 exd4 5.Qxd4 a6 6.Bf4 Nc6 7.Qd2 Be7 8.O-O-O O-O
9.Kb1 b5 10.Bd3 Bb7 11.Rhe1 Nd7 12.Nd5 Bf6 13.Nxf6+ Qxf6 14.Bg5 Qe6 15.Be3 Nde5
16.Nxe5 Nxe5 17.f3 Nxd3 18.Qxd3 f5 19.exf5 Qxf5 20.Qxf5  1/2-1/2

[Event "12th TCh-BIH Prem"]
[Site "Sarajevo BIH"]
[Date "2013.06.15"]
[Round "1.3"]
[White "Stojanovic,Da"]
[Black "Bogut,Z"]
[Result "0-1"]
[WhiteElo "2514"]
[BlackElo "2437"]

1.e4 d6 2.d4 Nf6 3.Nc3 e5 4.Nf3 Nbd7 5.Bc4 Be7 6.O-O O-O 7.Re1 c6 8.a4 b6
9.d5 Bb7 10.dxc6 Bxc6 11.Bg5 h6 12.Bxf6 Nxf6 13.Nd2 a6 14.Qe2 Qc8 15.Nf1 Qb7
16.Ng3 g6 17.Red1 Ra7 18.Nd5 Bxd5 19.Bxd5 Qb8 20.Ra3 Rc8 21.Rad3 Rac7 22.Bb3 Kg7
23.Nf1 b5 24.Ra1 b4 25.Ne3 Rc5 26.Nd5 Nxd5 27.Rxd5 Rxd5 28.Bxd5 a5 29.Rd1 Bd8
30.Rd3 Bb6 31.Rf3 Rf8 32.Qc4 Qa7 33.Qc6 Bc5 34.Bc4 Qb6 35.Qd5 Qc7 36.b3 Qe7
37.Kf1 h5 38.h3 h4 39.Qd2 Bd4 40.Bd5 f5 41.g3 hxg3 42.fxg3 fxe4 43.Bxe4 d5
44.Bxd5 Qd7 45.Rxf8 Qxd5 46.Rc8 Qf3+ 47.Ke1 Qxg3+ 48.Kd1 Qxh3 49.Rc7+ Kf6
50.Qe2 Qh1+ 51.Qe1 Qf3+ 52.Qe2 e4 53.Rc4 Ke5 54.Qxf3 exf3 55.Ke1 g5 56.Rc8 g4
57.Rg8 Kf4 58.Rf8+ Kg3 59.Kf1 Kh3 60.Rf4 Bc3 61.Kf2 Be5 62.Re4 Bg3+ 63.Kg1 Bd6
64.Rc4 g3  0-1

[Event "12th TCh-BIH Prem"]
[Site "Sarajevo BIH"]
[Date "2013.06.15"]
[Round "1.5"]
[White "Savic,Miod1"]
[Black "Indjic,A"]
[Result "1-0"]
[WhiteElo "2529"]
[BlackElo "2536"]

1.e4 d6 2.d4 Nf6 3.Nc3 e5 4.Nf3 Nbd7 5.Bc4 Be7 6.O-O O-O 7.Re1 a6 8.a4 b6
9.h3 Bb7 10.d5 Ne8 11.Na2 Nc5 12.Nb4 Nf6 13.Nd2 Qd7 14.a5 b5 15.Bf1 c6 16.c4 cxd5
17.exd5 Rfc8 18.b3 g6 19.Bb2 Bd8 20.Qf3 Rab8 21.cxb5 axb5 22.a6 Ba8 23.a7 Rb7
24.Nc6 Nxd5 25.Nxd8 Qxd8 26.Red1 Nb4 27.Qg3 Nc6 28.Qe3 Qe7 29.Rdc1 Nxa7 30.Nf3 Rbc7
31.Rxa7 Rxa7 32.b4 Ra2 33.bxc5 Rxb2 34.cxd6 Qd8 35.Rxc8 Qxc8 36.Nxe5 Rb1
37.d7 Qd8 38.Qd4 Re1 39.Qc3 Rd1 40.Qc8 Rxd7 41.Qxd7 Qxd7 42.Nxd7 Bc6 43.Nb8 Be8
44.Na6 Bd7 45.Nc7 b4 46.Nd5 Be6 47.Nxb4 g5 48.Nc6 h6 49.Ne5 Kg7 50.Bc4  1-0

[Event "7th Srebrno Jezero Open 2013"]
[Site "Srebrno jezero SRB"]
[Date "2013.06.15"]
[Round "3.9"]
[White "Cirovic,Z"]
[Black "Stojanovic,Andj"]
[Result "0-1"]
[WhiteElo "1780"]
[BlackElo "2286"]

1.e4 d6 2.d4 Nf6 3.Nc3 e5 4.dxe5 dxe5 5.Qxd8+ Kxd8 6.Bg5 Nd7 7.Bc4 Ke8 8.Nb5 Bd6
9.f3 a6 10.Nxd6+ cxd6 11.Rd1 Ke7 12.Ne2 Nb6 13.Bb3 Be6 14.O-O Rac8 15.Nc3 h6
16.Bxf6+ gxf6 17.f4 Nc4 18.f5 Nxb2 19.Bxe6 fxe6 20.Rb1 Rxc3 21.Rxb2 b5 22.a4 Rb8
23.Rfb1 Rc5 24.axb5 Rcxb5 25.Rxb5 Rxb5 26.Ra1 a5 27.c4 Rc5 28.g4 h5 29.h3 hxg4
30.hxg4 exf5 31.gxf5 Rxc4 32.Rxa5 Rxe4 33.Ra7+ Kf8 34.Rd7 Rf4 35.Kg2 Rxf5
36.Rxd6 Ke7 37.Rb6 Rf4 38.Kg3 Rd4 39.Kf3 Rd6  0-1

[Event "7th Srebrno Jezero Open 2013"]
[Site "Srebrno jezero SRB"]
[Date "2013.06.16"]
[Round "5.4"]
[White "Savicevic,V"]
[Black "Radovanovic,Nik"]
[Result "1/2-1/2"]
[WhiteElo "2327"]
[BlackElo "2223"]

1.e4 d6 2.d4 Nf6 3.Nc3 e5 4.dxe5 dxe5 5.Qxd8+ Kxd8 6.Bg5 Nd7 7.O-O-O Bd6
8.Nf3 Ke8 9.Nb5 Ke7 10.Nd2 h6 11.Bh4 g5 12.Bg3 a6 13.Nxd6 cxd6 14.f3 b5 15.a4 Rb8
16.axb5 axb5 17.h4 Ba6 18.Bf2 Nc5 19.b3 Ra8 20.Kb2 g4 21.Nb1 b4  1/2-1/2

[Event "4th Forni di Sopra"]
[Site "Forni di Sopra ITA"]
[Date "2013.06.17"]
[Round "3"]
[White "Gutierrez,L"]
[Black "Laketic,G"]
[Result "0-1"]
[WhiteElo "2090"]
[BlackElo "2410"]

1.e4 d6 2.d4 Nf6 3.Nc3 e5 4.Nf3 Nbd7 5.Bc4 Be7 6.h3 O-O 7.O-O c6 8.a4 b6
9.Qe2 a6 10.d5 c5 11.Na2 Nh5 12.g3 b5 13.axb5 Nb6 14.Nc3 Nxc4 15.bxa6 Na5
16.Nxe5 Nxg3 17.fxg3 dxe5 18.d6 Bxd6 19.Rd1 Bxa6 20.Qg4 Nb7 21.Nd5 Be2 22.Rxa8 Bxg4
23.Rxd8 Bxd1 24.Rd7 Rb8 25.Ne3 Be2 26.c4 Bf3  0-1

[Event "4th Forni di Sopra"]
[Site "Forni di Sopra ITA"]
[Date "2013.06.17"]
[Round "3"]
[White "Boscolo,F"]
[Black "Lazic,Mir"]
[Result "1/2-1/2"]
[WhiteElo "2314"]
[BlackElo "2467"]

1.e4 d6 2.d4 Nf6 3.Nc3 c6 4.f4 Qa5 5.e5 Ne4 6.Qf3 Nxc3 7.Bd2 Qd5 8.Qxc3 dxe5
9.fxe5 Bf5 10.Nf3 e6 11.Bd3  1/2-1/2

[Event "2nd Grand Europe Open 2013"]
[Site "Golden Sands BUL"]
[Date "2013.06.17"]
[Round "8.45"]
[White "Ali Marandi,C"]
[Black "Ivelinov,H"]
[Result "1-0"]
[WhiteElo "2383"]
[BlackElo "2180"]

1.e4 d6 2.d4 Nf6 3.Nc3 e5 4.Nf3 Nbd7 5.Bc4 Be7 6.O-O c6 7.a4 Qa5 8.Bd2 O-O
9.Re1 exd4 10.Nd5 Qd8 11.Nxe7+ Qxe7 12.Nxd4 Ne5 13.Bf1 h6 14.Bc3 c5 15.Nf5 Bxf5
16.exf5 Qc7 17.f4 Ned7 18.Re7 Rfe8 19.Bxf6 gxf6 20.Qe2 Rxe7 21.Qxe7 d5 22.Bb5 Rd8
23.Ra3 Rf8 24.Rg3+ Kh7 25.Bxd7 Qxf4 26.Qe3 Qxe3+ 27.Rxe3 Rd8 28.Re7 Kg8 29.Bb5 a6
30.Re8+ Rxe8 31.Bxe8 Kf8 32.Bd7 b6 33.Bc8 a5 34.Bb7  1-0

[Event "12th TCh-BIH Prem"]
[Site "Sarajevo BIH"]
[Date "2013.06.17"]
[Round "3.2"]
[White "Stanisic,Vlajko"]
[Black "Bogut,Z"]
[Result "0-1"]
[WhiteElo "2009"]
[BlackElo "2437"]

1.e4 d6 2.d4 Nf6 3.Nc3 c6 4.g3 e5 5.Bg2 Be7 6.Nge2 O-O 7.O-O Nbd7 8.b3 b5
9.d5 cxd5 10.Nxd5 Nxd5 11.Qxd5 Ba6 12.c3 Nc5 13.Qd2 Bb7 14.Qe3 Qb6 15.f3 d5
16.exd5 Nxb3 17.Qxb6 axb6 18.Rb1 Nxc1 19.Nxc1 Bxd5 20.Rxb5 Bc5+ 21.Rxc5 bxc5
22.Rd1 Rfd8 23.Re1 f6 24.Kf2 Bxa2 25.Ke3 Bc4 26.Bf1  0-1

[Event "7th Srebrno Jezero Open 2013"]
[Site "Srebrno jezero SRB"]
[Date "2013.06.17"]
[Round "6.13"]
[White "Brankovic,Vladislav"]
[Black "Novakovic,Slo"]
[Result "1/2-1/2"]
[WhiteElo "1855"]
[BlackElo "2208"]

1.e4 d6 2.d4 Nf6 3.Nc3 c6 4.f4 g6 5.Nf3 Bg7 6.Be3 O-O 7.Be2 b5 8.a3 a6 9.O-O Nbd7
10.h3 Nb6 11.Qe1 Qc7 12.Qf2 Nc4 13.Bxc4 bxc4 14.Rad1 Rb8 15.Bc1 d5 16.e5 Ne8
17.Nh4 f6 18.Qe2 e6 19.Na4 f5 20.Nc5 Qe7 21.Qf2 a5 22.Kh2 Nc7 23.c3 Na6 24.Nxa6 Bxa6
25.Rg1 Rf7 26.g4 Bc8 27.gxf5 exf5 28.Rg2 Bf8 29.Rdg1 Rg7 30.Nf3 c5 31.Be3 cxd4
32.Bxd4 Be6 33.Ng5 Rc8 34.h4 Rc6 35.Rg3 h6 36.Nf3 Kh7 37.Qg2 Qf7 38.Kh1 Rc8
39.Qh2 Rc6 40.Rh3 Be7 41.Rhg3 Bf8 42.Qf2 Qb7 43.Rh3 Qc7 44.Be3 Ra6 45.Nd4 Bg8
46.Rhg3 Qe7 47.Qh2 h5 48.Nf3 Qe8 49.Bd4 Be6 50.Qg2 Be7 51.Kh2 Qd8 52.Ng5+ Bxg5
53.Rxg5 Qe7 54.Kh3 Ra8 55.Rxg6 Rag8 56.Rg5 Rxg5 57.hxg5 Kg6 58.Kh4 Qb7 59.Qe2 Rh8
60.Qc2 Qb5 61.Rg2 Qb3 62.Qxb3 cxb3 63.Bb6 a4 64.Rd2 Rc8 65.Kg3 Rc4 66.Bd4 Rc8  1/2-1/2

[Event "4th Forni di Sopra"]
[Site "Forni di Sopra ITA"]
[Date "2013.06.18"]
[Round "5"]
[White "Albano,M"]
[Black "Lazic,Mir"]
[Result "1/2-1/2"]
[WhiteElo "2256"]
[BlackElo "2467"]

1.e4 d6 2.d4 Nf6 3.Nc3 e5 4.dxe5 dxe5 5.Qxd8+ Kxd8 6.f4 Bb4 7.Bd2 exf4 8.O-O-O Bg4
9.Nf3 Kc8 10.Bd3 Bxf3 11.gxf3 Bd6 12.Bc4 Nc6 13.Bxf7 Nd4 14.Rhf1 Nd7 15.Be1 Ne5
16.Rxd4 Nxf7 17.Rd1 Be5 18.Ne2 Rd8 19.Bc3 Bxc3 20.Nxc3 g5 21.h4 h6 22.hxg5 hxg5
23.Rh1 Rxd1+ 24.Kxd1 Kd7 25.Rh7 Ke6 26.Ke2 c6 27.Nd1 Kf6 28.Nf2 Kg6 29.Rh1 Ne5
30.b3 Re8 31.Nd3 Nf7 32.Kf2 Kf6 33.Rh5 a5 34.Rh1 Rd8 35.Ke2 Re8  1/2-1/2

[Event "ch-FIN 2013"]
[Site "Mantta FIN"]
[Date "2013.06.18"]
[Round "9.2"]
[White "Luukkonen,T"]
[Black "Jarvenpaa,J"]
[Result "1/2-1/2"]
[WhiteElo "2267"]
[BlackElo "2301"]

1.d4 d6 2.e4 Nf6 3.Nc3 e5 4.Nf3 Nbd7 5.Bc4 Be7 6.O-O O-O 7.Re1 c6 8.a4 a5
9.b3 exd4 10.Nxd4 Re8 11.Nf5 Ne5 12.Nxe7+ Qxe7 13.Bf1 Ng6 14.Ba3 Qe5 15.Qd2 Rd8
16.g3 Qh5 17.f4 Bh3 18.Bc4 Nh4 19.Be2 Nf3+ 20.Bxf3 Qxf3 21.Re3 Qh5 22.Rd3 Ne8
23.Re1 Rd7 24.Nd1 Rad8 25.Ne3  1/2-1/2

[Event "8th Teplice Open 2013"]
[Site "Teplice CZE"]
[Date "2013.06.18"]
[Round "4.47"]
[White "Okrouhlik,Zdenek"]
[Black "Marek,Mat"]
[Result "0-1"]
[WhiteElo "1863"]
[BlackElo "2026"]

1.e4 d6 2.d4 Nf6 3.Nc3 e5 4.dxe5 dxe5 5.Qxd8+ Kxd8 6.Bc4 Be6 7.Bxe6 fxe6
8.Nge2 Nbd7 9.Be3 a6 10.f3 Bd6 11.Rd1 Ke7 12.O-O Rag8 13.Rd2 g5 14.Nc1 b5
15.Nd3 g4 16.Kh1 c5 17.a3 g3 18.h3 Rc8 19.Rfd1 Rc6 20.Ne2 Rg8 21.c3 a5 22.Rc1 c4
23.Ne1 h5 24.Rcd1 h4 25.Nc2 Bc5 26.Nc1 Bxe3 27.Nxe3 Nc5 28.Ng4 Nxg4 29.hxg4 Rcc8
30.Ne2 Rcd8 31.Rxd8 Rxd8 32.Rxd8 Kxd8 33.Kg1 Nd3 34.Kf1 Nxb2 35.Ke1 Nd3+
36.Kd2 Nf4  0-1

[Event "8th Teplice Open 2013"]
[Site "Teplice CZE"]
[Date "2013.06.18"]
[Round "4.31"]
[White "Gungl,T"]
[Black "Schou Moldt,T"]
[Result "1/2-1/2"]
[WhiteElo "1916"]
[BlackElo "2212"]

1.e4 d6 2.d4 Nf6 3.Nc3 c6 4.f4 Qa5 5.Bd3 e5 6.dxe5 dxe5 7.f5 Nbd7 8.Bd2 Qb6
9.Rb1 g6 10.Qe2 Nc5 11.Nf3 Qc7 12.fxg6 hxg6 13.b4 Ne6 14.Nd1 Bg7 15.Nf2 Nh5
16.g3 Bd7 17.c3 Rd8 18.Bc4 b5 19.Bb3 a6 20.a3 Bc8 21.Be3 Bf8 22.Rf1 Nf6 23.Rc1 Bg7
24.a4 O-O 25.a5 c5 26.Bd2 c4 27.Bc2 Bb7 28.Rd1 Rd7 29.Ng5 Nd4 30.cxd4 exd4
31.Bf4 Qc8 32.Rc1 d3 33.Bxd3 cxd3 34.Nxd3 Qa8 35.Nc5 Rdd8 36.Kf2 Rfe8 37.Rfe1 Nd5
38.Qd2 Nf6 39.Qc2 Rd4 40.e5 Ng4+ 41.Kg1 Rc4 42.Qd2 Rxc1 43.Rxc1 Bxe5 44.Bxe5 Nxe5
45.Qf4 Bh1 46.Nge4 Bxe4 47.Nxe4 Nf3+ 48.Qxf3 Qxe4 49.Qxe4 Rxe4 50.Rc6 Rxb4
51.Rxa6 Rb2 52.Rb6 Kg7 53.a6 Ra2 54.Rxb5 Rxa6 55.Rb2 g5 56.Kg2 Ra3 57.Rf2 Kg6
58.g4 Ra4 59.Kg3 Rb4 60.Rf3 Rb1 61.Kg2 Rc1 62.Rf2 Rc3 63.Rf3 Rxf3 64.Kxf3 Kf6
65.Kg3 Kg6 66.h4 gxh4+ 67.Kxh4 f5 68.gxf5+ Kxf5  1/2-1/2

[Event "8th Teplice Open 2013"]
[Site "Teplice CZE"]
[Date "2013.06.18"]
[Round "4.28"]
[White "Tuma,Ja"]
[Black "Volek,R"]
[Result "1/2-1/2"]
[WhiteElo "2303"]
[BlackElo "2073"]

1.e4 d6 2.d4 Nf6 3.Nc3 e5 4.Nf3 Nbd7 5.g4 Nxg4 6.Rg1 Ngf6 7.Be3 c6 8.Qd2 b5
9.O-O-O Qa5 10.dxe5 dxe5 11.Bd3 b4 12.Nb1 Ba6 13.Bxa6 Qxa6 14.Rg3 O-O-O 15.Qd3 Qxd3
16.cxd3 h6 17.Rg2 Nh5 18.Nbd2 Nf4 19.Bxf4 exf4 20.Nc4 Re8 21.h4 g6 22.Rg4 h5
23.Rxf4 Bh6 24.Ng5 f6 25.Nd6+ Kc7 26.Nxe8+ Rxe8 27.Nh3 Ne5 28.Kc2 Bxf4 29.Nxf4 c5
30.Rg1 Rg8 31.Nxh5 Rh8 32.Nxf6 Rxh4 33.Nd5+ Kb7 34.Rg5 Nf3 35.Rxg6 Rh2 36.Rg7+ Kc6
37.Ne7+ Kb5 38.Kd1 Rh1+ 39.Ke2 Nd4+ 40.Kd2 Rb1 41.Nd5 Rxb2+ 42.Kc1 Rxa2 43.Rh7 Ka4
44.Rxa7+ Kb3 45.Rxa2 Kxa2 46.f4 Ka1 47.Ne3 b3 48.Nc4 Ne2+ 49.Kd2 Nxf4 50.Kc3 Ka2
51.e5 Ne2+ 52.Kd2 Nd4 53.Ke3 b2 54.Nxb2 Kxb2 55.Kf4 Kc3 56.Ke4 Kb4 57.Kd5 Kc3
58.e6  1/2-1/2

[Event "17th Petr Izmailov"]
[Site "Tomsk RUS"]
[Date "2013.06.18"]
[Round "8.5"]
[White "Sergeev,Alb"]
[Black "Yudin,S"]
[Result "0-1"]
[WhiteElo "2346"]
[BlackElo "2552"]

1.e4 d6 2.d4 Nf6 3.Nc3 e5 4.Nf3 Nbd7 5.g4 Nxg4 6.Rg1 Ngf6 7.Be3 c6 8.Qd3 b5
9.O-O-O Qc7 10.a3 a6 11.Nh4 c5 12.dxe5 Nxe5 13.Qe2 b4 14.axb4 cxb4 15.Nd5 Nxd5
16.exd5 Be7 17.f4 Ng6 18.Nf3 O-O 19.Nd4 Bf6 20.Nc6 Re8 21.Qf2 b3 22.Bd4 bxc2
23.Kxc2 Bf5+ 24.Bd3 Bxd4 25.Qxd4 Qd7 26.Rg5 Bxd3+ 27.Rxd3 f6 28.Rgg3 Qf5
29.Re3 Qxf4 30.Ne7+ Rxe7 31.Qxf4 Rc7+  0-1

[Event "17th Voronezh Master Open"]
[Site "Voronezh RUS"]
[Date "2013.06.18"]
[Round "6.10"]
[White "Zhigalko,A"]
[Black "Sergienko,S"]
[Result "1-0"]
[WhiteElo "2617"]
[BlackElo "2389"]

1.e4 d6 2.d4 Nf6 3.Nc3 e5 4.Nf3 Nbd7 5.Bc4 Be7 6.O-O O-O 7.a4 c6 8.a5 Qc7
9.h3 exd4 10.Nxd4 Ne5 11.Ba2 Re8 12.f4 Ng6 13.Qd3 Bf8 14.Bd2 Rb8 15.b4 b5
16.g4 a6 17.g5 Nxe4 18.Nxe4 c5 19.Rae1 cxd4 20.Nf6+ gxf6 21.Rxe8 Qc6 22.Qe4 Qxe4
23.Rxe4 Bxh3 24.Rf2 Bf5 25.Rxd4 fxg5 26.fxg5 Be6 27.Bd5 Bg7 28.Rd3 Bxd5 29.Rxd5 Be5
30.Rd3 Rc8 31.c3 Rc4 32.Rdf3 Rc7 33.Kf1 Nh4 34.Rd3 Ng6 35.Ke2 Re7 36.Kd1 Rc7
37.Kc2 Rc4 38.Be3 Rg4 39.Bd4 Nf4 40.Rdf3 Ng6 41.Rxf7 Bxd4 42.cxd4 Rxd4 43.Ra7 Rxb4
44.Rff7 Rc4+ 45.Kb3 Nf8 46.Rg7+ Kh8 47.Rgb7  1-0

[Event "12th TCh-BIH Prem"]
[Site "Sarajevo BIH"]
[Date "2013.06.19"]
[Round "5.3"]
[White "Stanisic,Vlajko"]
[Black "Sekulic,V"]
[Result "1/2-1/2"]
[WhiteElo "2009"]
[BlackElo "2295"]

1.e4 d6 2.d4 Nf6 3.Nc3 Nbd7 4.g3 e5 5.Nge2 b5 6.Bg2 c6 7.a3 Be7 8.O-O Bb7
9.h3 O-O 10.Be3 a5 11.dxe5 dxe5 12.g4 Qc7 13.Ng3 Rfd8 14.Nf5 Bf8 15.Qc1 b4
16.Ne2 Ba6 17.Re1 Nc5 18.Neg3 Nfd7 19.axb4 axb4 20.b3 Ne6 21.Bf3 Ndc5 22.Qb2 Bb5
23.Rxa8 Rxa8 24.Ra1 Ra3 25.Rxa3 bxa3 26.Qxa3 Nxe4 27.Qa8 Nxg3 28.Nxg3 c5
29.c3 Bd7 30.Nf5 Bc8 31.Qc6 Qxc6 32.Bxc6 Nf4 33.Bxf4 exf4 34.Kg2 Be6 35.c4 h5
36.Kf3 hxg4+ 37.hxg4 Bxf5 38.gxf5 Bd6 39.Ke4 Kf8 40.Kd5 Ke7 41.f6+  1/2-1/2

[Event "12th TCh-BIH Prem"]
[Site "Sarajevo BIH"]
[Date "2013.06.19"]
[Round "5.3"]
[White "Jefic,S"]
[Black "Batinic,P"]
[Result "1/2-1/2"]
[WhiteElo "2166"]
[BlackElo "2312"]

1.e4 d6 2.d4 Nf6 3.Nc3 e5 4.Nf3 Nbd7 5.Bc4 Be7 6.O-O O-O 7.Re1 a6 8.a4 b6
9.h3 Bb7 10.b3 c6 11.Bb2 b5 12.axb5 cxb5 13.Bd5 Nxd5 14.Nxd5 Bxd5 15.exd5 f6
16.Qd3 Nb6 17.c4 Qd7 18.Ra5 bxc4 19.bxc4 Rfc8 20.Nd2 Na4 21.Qc2 Nxb2 22.Qxb2 Bd8
23.Ra3 Rab8 24.Qa1 a5 25.Rc1 Rb4 26.Rd3 Bb6 27.c5 dxc5 28.dxe5 fxe5 29.Nc4 Bd8
30.Qxe5 Bf6 31.Qe6+ Qxe6 32.dxe6 a4 33.Rd7 Re8 34.Nd6 Rxe6 35.Rxc5 h6 36.Nf5 a3
37.Ra7 Re1+ 38.Kh2 Be5+ 39.g3 Rb2 40.Nxh6+ Kh7 41.Ng4 a2 42.Rca5 Rxf2+ 43.Nxf2 a1=Q
44.Rxa1 Bxa1 45.Ra2 Be5 46.Ra3 Re2 47.Rf3 Bd4 48.Kg2 Ra2 49.h4 Rb2 50.g4 Kh6
51.Kg3 Bxf2+ 52.Rxf2 Rb1 53.Rf3 Rb4 54.Rc3 Ra4 55.Rc6+ Kh7 56.h5 Ra1 57.Kh4 Ra4
58.Rc5 Rb4 59.Kg5 Rb1 60.Rc4 Rb5+ 61.Kf4 Rb1 62.Re4 Rf1+ 63.Kg5 Ra1 64.Kf5 Rf1+
65.Kg5 Ra1 66.Re5 Rf1 67.Re7 Ra1 68.Kf4 Ra4+ 69.Re4 Rxe4+ 70.Kxe4 g6 71.hxg6+ Kxg6
72.Kf4 Kf6  1/2-1/2

[Event "12th TCh-BIH Prem"]
[Site "Sarajevo BIH"]
[Date "2013.06.19"]
[Round "5.1"]
[White "Pasalic,Ha"]
[Black "Bogut,Z"]
[Result "1-0"]
[WhiteElo "2171"]
[BlackElo "2437"]

1.e4 d6 2.d4 Nf6 3.Nc3 c6 4.a4 e5 5.Nf3 Qc7 6.Bc4 Be7 7.a5 O-O 8.O-O Bg4
9.Re1 Bxf3 10.gxf3 Nbd7 11.Kh1 b5 12.axb6 axb6 13.Rxa8 Rxa8 14.d5 b5 15.dxc6 bxc4
16.cxd7 Qxd7 17.Rg1 g6 18.Qf1 Rc8 19.Bg5 Nh5 20.Bxe7 Qxe7 21.Qh3 Rb8 22.Qxh5 Rxb2
23.Nd5 Qd8 24.Qh6 f6 25.Ra1 Rb7 26.Kg2 Rf7 27.Ra6 c3 28.Nb6 Qe7 29.Ra8+ Rf8
30.Nd5 Qg7 31.Rxf8+ Kxf8 32.Qxg7+ Kxg7 33.Nxc3 Kf7 34.Kf1 f5 35.Ke2 Kf6 36.Kd3 Kg5
37.Ne2 fxe4+ 38.Kxe4 Kh4 39.Ng1  1-0

[Event "8th Teplice Open 2013"]
[Site "Teplice CZE"]
[Date "2013.06.19"]
[Round "5.20"]
[White "Vavra,P1"]
[Black "Thestrup,S"]
[Result "1-0"]
[WhiteElo "2364"]
[BlackElo "2137"]

1.e4 d6 2.d4 Nf6 3.Nc3 c6 4.Nf3 Bg4 5.h3 Bh5 6.Qe2 e6 7.g4 Bg6 8.h4 h5 9.g5 Nfd7
10.Bd2 Be7 11.Ng1 d5 12.Nh3 Qb6 13.Nf4 Qxd4 14.Nxg6 fxg6 15.O-O-O Qe5 16.f4 Qd6
17.Bh3 d4 18.e5 Qc7 19.Qe4 Nf8 20.Qxd4 Na6 21.Ne4 Rd8 22.Qxa7 Nd7 23.Be3 O-O
24.Bxe6+ Kh7 25.Bxd7 Rxd7 26.Rxd7 Qxd7 27.Rd1 Qf5 28.Nd6 Bxd6 29.exd6 Nb4
30.Rd2 Nd5 31.Qd4 Re8 32.Rd3 Re4 33.Qc5 Qd7 34.Bd2 b6 35.Qf2 Qxd6 36.f5 b5
37.a3 Qe5 38.fxg6+ Kxg6 39.Kb1 Re2 40.Qf3 Qe6 41.Rd4 Re5 42.c4 bxc4 43.Rxc4 Qd7
44.a4 Ne7 45.Bc3 Rf5 46.Qe2 Nd5 47.Bd2 Nb6 48.Re4 Rd5 49.Re6+ Kf7 50.g6+ Kf8
51.Qf2+ Kg8 52.Qxb6  1-0

[Event "13th IPCA World Championship"]
[Site "Velke Losiny CZE"]
[Date "2013.06.19"]
[Round "3.23"]
[White "Aristov,Pavel"]
[Black "Strakos,J"]
[Result "0-1"]
[WhiteElo "1666"]
[BlackElo "1894"]

1.e4 d6 2.d4 Nf6 3.Nc3 c6 4.Nf3 Bg4 5.Be2 e6 6.O-O Be7 7.e5 dxe5 8.dxe5 Qxd1
9.Rxd1 Nd5 10.Nxd5 cxd5 11.Bb5+ Nc6 12.Rd3 O-O 13.Bxc6 bxc6 14.Nd4 Rfc8 15.Be3 c5
16.Nb5 a6 17.Nd6 Bxd6 18.exd6 d4 19.Bf4 f6 20.Re1 e5 21.Bd2 Rd8 22.Rb3 Rxd6
23.Rb7 Rd7 24.Rb6 Kf7 25.Rc6 Rb7 26.b3 Rc8 27.Rxa6 c4 28.h3 Bf5 29.Rc1 c3
30.Be1 Rd7 31.b4 d3 32.cxd3 c2 33.Ra3 Bxd3 34.Rc3 Rxc3 35.Bxc3 Bg6 36.Bb2 Rd1+
37.Kh2 Ke6 38.Kg3 Kd5 39.b5 Kc5 40.a4 Kb4  0-1

[Event "III Marcel Duchamp Boca Jun Op"]
[Site "Buenos Aires ARG"]
[Date "2013.06.20"]
[Round "1.2"]
[White "Hernandez Amura,Gilberto"]
[Black "Hernandez Guerrero,G"]
[Result "0-1"]
[WhiteElo "1940"]
[BlackElo "2523"]

1.e4 d6 2.d4 Nf6 3.Nc3 Nbd7 4.Nf3 e5 5.Bc4 Be7 6.O-O O-O 7.h3 c6 8.Qe2 b5
9.Bb3 a5 10.a4 b4 11.Nb1 exd4 12.Nxd4 Bb7 13.Bf4 Re8 14.Nd2 Bf8 15.Rfe1 Nc5
16.Bg5 h6 17.Bxf6 Qxf6 18.Qf3 Qxf3 19.N4xf3 d5 20.exd5 cxd5 21.Nd4 g6 22.Nb5 Rad8
23.c3 Nd3 24.Rxe8 Rxe8 25.Nc7 Re2 26.Nf3 Rxb2 27.Bxd5 bxc3  0-1

[Event "7th Srebrno Jezero Open 2013"]
[Site "Srebrno jezero SRB"]
[Date "2013.06.20"]
[Round "9.7"]
[White "Radosavljevic,SD"]
[Black "Radovanovic,Nik"]
[Result "0-1"]
[WhiteElo "2215"]
[BlackElo "2223"]

1.e4 d6 2.d4 Nf6 3.Nc3 e5 4.Nf3 Nbd7 5.Bc4 Be7 6.O-O O-O 7.a4 c6 8.a5 g6
9.h3 Re8 10.dxe5 Nxe5 11.Nxe5 dxe5 12.Qe2 Qc7 13.Rd1 Bb4 14.Rd3 Be6 15.Rg3 Kg7
16.Bxe6 Rxe6 17.Nd1 Bxa5 18.Ne3 b6 19.Rf3 Bb4 20.Qc4 Bd6 21.Ng4 Ng8 22.b4 b5
23.Qb3 h5 24.Ne3 Nf6 25.Nd5 cxd5 26.exd5 Nxd5 27.Qxd5 Rd8 28.Qb3 e4 29.Rc3 Be5
30.Bb2 Bxc3  0-1

[Event "66th ch-RUS HL"]
[Site "Yekaterinburg RUS"]
[Date "2013.06.20"]
[Round "1.22"]
[White "Panarin,M"]
[Black "Khegay,D"]
[Result "1-0"]
[WhiteElo "2565"]
[BlackElo "2349"]

1.e4 d6 2.d4 Nf6 3.Nc3 e5 4.Nge2 Be7 5.g3 O-O 6.Bg2 c6 7.a4 Na6 8.O-O Nb4
9.a5 Re8 10.h3 Rb8 11.Kh2 exd4 12.Nxd4 c5 13.Nf5 Bxf5 14.exf5 d5 15.Bf4 Rc8
16.Bg5 Ne4 17.Bxe7 Rxe7 18.Nxe4 dxe4 19.Re1 Rd7 20.Qe2 Rd2 21.Rad1 Rxe2 22.Rxd8+ Rxd8
23.Rxe2 Nc6 24.a6 Nd4 25.Rxe4 bxa6 26.Re5 Nxc2 27.Rxc5 Nd4 28.g4 Kf8 29.Bf1 Rd6
30.Kg3 Ke7 31.Kf4 f6 32.Ra5 Nb3 33.Rxa6 Rxa6 34.Bxa6 h6 35.Bc4 Nc5 36.Ke3 Kd6
37.Kd4 Nd7 38.f4 Nb6 39.Bb3 Kc6 40.h4 Kd6 41.Bf7 Na4 42.b3 Nb6 43.b4 Kc6
44.g5 Kd6 45.Ke4 Ke7 46.Bb3 Kd6 47.Kf3 Nd5 48.Bxd5 Kxd5 49.Kg4 Kc4 50.Kh5 Kxb4
51.Kg6 a5 52.Kxg7  1-0